[Event "Wch U10 Girls"]
[Site "Batumi"]
[Date "2022.09.25"]
[Round "9"]
[White "Zhang, Ellery"]
[Black "Advika, Vinai"]
[Result "1-0"]
[WhiteElo "1348"]
[BlackElo "1133"]
[PlyCount "97"]
[EventDate "2022.09.16"]
[EventType "swiss"]
[EventRounds "11"]
[EventCountry "GEO"]
[SourceTitle "EXT 2023"]
[Source "ChessBase"]
[SourceDate "2022.10.05"]
[SourceVersion "1"]
[SourceVersionDate "2022.10.05"]
[SourceQuality "1"]

1. e4 c5 2. c3 d5 3. exd5 Qxd5 4. d4 e6 5. Nf3 Nf6 6. Be2 Nc6 7. 0-0 Be7 8. h3 0-0 9. Be3 cxd4 10. cxd4 a6 11. Nc3 Qd8 12. a3 b5 13. Rc1 Bb7 14. Re1 Nd5 15. Nxd5 Qxd5 16. Qd2 Rfd8 17. Red1 Bf6 18. Rc5 Qd7 19. b4 Qe7 20. Rdc1 Qe8 21. Qc3 Rac8 22. Qc2 Ne7 23. Qd2 Nf5 24. Rxc8 Rxc8 25. Rxc8 Qxc8 26. g4 Nd6 27. Ne5 Ne4 28. Qd3 Qc3 29. Qxc3 Nxc3 30. Bd3 Nd5 31. Nd7 Nxe3 32. Nxf6+ gxf6 33. fxe3 h6 34. Kf2 Kf8 35. Kg3 e5 36. Kh4 Kg7 37. Bc2 exd4 38. exd4 Bd5 39. Kg3 Kf8 40. Kf4 Ke7 41. Be4 Bxe4 42. Kxe4 Ke6 43. d5+ Kd6 44. Kd4 f5 45. gxf5 f6 46. Ke4 Kd7 47. Kd3 Kd6 48. Kd4 Kd7 49. Kc5 1-0

[Event "Wch U10 Girls"]
[Site "Batumi"]
[Date "2022.09.19"]
[Round "4"]
[White "Zhakypova, Nuraim"]
[Black "Zhang, Ellery"]
[Result "0-1"]
[WhiteElo "1212"]
[BlackElo "1348"]
[PlyCount "76"]
[EventDate "2022.09.16"]
[EventType "swiss"]
[EventRounds "11"]
[EventCountry "GEO"]
[SourceTitle "EXT 2023"]
[Source "ChessBase"]
[SourceDate "2022.10.05"]
[SourceVersion "1"]
[SourceVersionDate "2022.10.05"]
[SourceQuality "1"]

1. e4 e5 2. Nf3 Nc6 3. Bc4 Bc5 4. Nc3 Nf6 5. 0-0 0-0 6. d3 h6 7. h3 d6 8. Ne2 Be6 9. Bb3 d5 10. exd5 Nxd5 11. Nxe5 Nxe5 12. d4 Nf3+ 13. Kh1 Bd6 14. Bxd5 Bxd5 15. Nc3 Bc4 16. gxf3 Qh4 17. f4 Qxh3+ 18. Kg1 Bxf1 19. Qxf1 Qh4 20. Nd5 c6 21. Nc3 Bxf4 22. Bxf4 Qxf4 23. Rd1 Rfe8 24. d5 Re5 25. Ne2 Rg5+ 26. Ng3 cxd5 27. Qb5 Rxg3+ 28. fxg3 Qxg3+ 29. Kf1 Qf3+ 30. Ke1 a6 31. Qd7 Qe3+ 32. Kf1 Re8 33. Qg4 Re6 34. Rd3 Qe1+ 35. Kg2 Re2+ 36. Kh3 Qh1+ 37. Kg3 Qh2+ 38. Kf3 Qf2# 0-1